000
00343 a2200157 4500
001
169546
020
_a
040
_c
Magnum
100
_a
Verhine, Maria Amelia Alves
240
1
0
_a
Pre-escola e fracasso escolar
_l
por
245
1
0
_a
Pre-escola e fracasso escolar
362
0
_a
1899
440
1
_a
Fator
697
_a
ENSINO
942
_c
BK
999
_c
169546
_d
169546